Desarrollo económico, proceso de urbanización y funciones metropolitanas en Centroamérica

Đã lưu trong:
Chi tiết về thư mục
Tác giả chính: Lungo Uclés, Mario
Định dạng: Texto
Ngôn ngữ:Spanish
Được phát hành: San Salvador : CSUCA. ACAS,
Các nhãn: Thêm thẻ
Không có thẻ, Là người đầu tiên thẻ bản ghi này!

MARC

LEADER 00000 a a2200000 04500
001 17111
003 cru CIDCACS/IIS
005 20210505142903.0
008 191002b ||||| |||| 00| 0 spa d
020 |a [sin ISBN]  
040 |c cru CIDCACS/IIS 
090 |a 02.01.02 L963d  
100 |a Lungo Uclés, Mario  
245 |a Desarrollo económico, proceso de urbanización y funciones metropolitanas en Centroamérica  
260 |a San Salvador :   |b CSUCA. ACAS,  
300 |a 7 p.  
500 |a Colección Centroamérica 
942 |2 ddc  |c LI 
999 |c 11111  |d 11111